TOP 10 MŚ 2023 w Planicy na skoczni dużej - Statystyki

Ogólne statystyki
  • Ten quiz został rozwiązany 28 razy
  • Średni wynik to 7 z 10
Statystyki odpowiedzi
Miejsce Skoczek/zawodnik % Poprawnych
1 Timi Zajc
100%
2 Ryoyu Kobayashi
87%
3 Dawid Kubacki
83%
4 Kamil Stoch
83%
9 Piotr Żyła
74%
6 Stefan Kraft
70%
7 Halvor Egner Granerud
57%
8 Karl Geiger
57%
5 Markus Eisenbichler
57%
10 Johann Andre Forfang
35%
Nie znaleziono quizów pasujących do podanych kryteriów
Rozkład punktacji
Procent ludzi z każdym wynikiem
Percentyl według liczby udzielonych odpowiedzi
Twoja historia wyników
Nie rozwiązałeś tego quizu